000 00678nam a2200217Ia 4500
003 OSt
005 20220901105500.0
008 210716s2012 xx 000 0 und d
020 _a9789350230367
040 _cAIMIT LIBRARY
041 _aeng
082 _a005.448
_21
_bKRIS
100 _aKrishnan, Sriram.
_956337
245 _aProgramming windows azure /
_cBy Sriram Krishnan.
250 _a1st ed.
260 _aMumbai :
_bShroff Publishers and Distributors Pvt Ltd ,
_c2012 .
300 _axix, 345p. ;19p. ;
_bPB
_c23 cm.
650 _aNative and non-.NET code
_956338
650 _aWindows Azure storage characteristics
_956339
942 _2ddc
_cBK
_e1st
_k005.448 KRIS
999 _c193463
_d193463